| 000 | 00846nam a2200265Ia 4500 | ||
|---|---|---|---|
| 003 | OSt | ||
| 005 | 20220927104119.0 | ||
| 006 | a|||||r|||| 00| 0 | ||
| 007 | ta | ||
| 008 | 220926b |||||||| |||| 00| 0 eng d | ||
| 024 | _a77281 | ||
| 037 | _cReference Collections | ||
| 040 |
_aRTL _cRTL _beng |
||
| 041 |
_2eng _aeng |
||
| 082 | _a"X 9 (D6,8) .1.N8, M5/UN" | ||
| 110 |
_aUNITED NATIONS INDUSTRIAL DEVELOPMENT ORGANISATION. _9364195 |
||
| 245 | 0 |
_aConsultation on the capital goods industry _b Report |
|
| 260 |
_aNew _bYork United Nations USA _c1985 |
||
| 300 |
_a31p. _ccm. |
||
| 490 | _v1st | ||
| 650 |
_aMechanical _9364196 |
||
| 700 |
_aUNITED NATIONS INDUSTRIAL DEVELOPMENT ORGANISATION. _9364197 |
||
| 942 |
_h"X 9 (D6,8) .1.N8, M5/UN" _cCC |
||
| 999 |
_c686118 _d686118 |
||